Skład Napoli Na Sezon 23/24 - Statystyki

Ogólne statystyki
  • Ten quiz został rozwiązany 59 razy
  • Średni wynik to 12 z 26
Statystyki odpowiedzi
Pozycja Nazwisko % Poprawnych
Pomocnik Zieliński
92%
Bramkarz Meret
78%
Napastnik Osimhen
76%
Obrońca Di Lorenzo
70%
Pomocnik Lobotka
64%
Napastnik Politano
60%
Pomocnik Anguissa
56%
Obrońca Rui
56%
Napastnik Raspadori
52%
Napastnik Simeone
52%
Obrońca Jesus
50%
Bramkarz Idasiak
48%
Obrońca Rrahmani
48%
Napastnik Kvaratskhelia
44%
Obrońca Olivera
44%
Bramkarz Gollini
42%
Obrońca Natan
40%
Obrońca Østigård
34%
Bramkarz Contini
28%
Pomocnik Lindstrøm
26%
Napastnik Zerbin
26%
Pomocnik Cajuste
24%
Pomocnik Gaetano
24%
Pomocnik Zanoli
18%
Pomocnik Demne
6%
Pomocnik Russo
2%
Nie znaleziono quizów pasujących do podanych kryteriów
Rozkład punktacji
Procent ludzi z każdym wynikiem
Percentyl według liczby udzielonych odpowiedzi
Twoja historia wyników
Nie rozwiązałeś tego quizu